00697nam a22001937a 450000500170000001000150001702000270003203500140005903700130007308200100008610000210009624500850011726000510020227001020025330000250035549000490038050000500042970000240047920170420121152.0 aENG-117892 c1155.00a9791470437299 aEN-101424 bDBAD/PUB a512.5 a Colonius, Fritz aDynamical systems and liner Algebra /cby Fritz Colonius [and] Wolfgana Kliemann aNew DelhibAmerican Mathematical Societyc2017 aDistributed by Universties Press,3-6-747/1/A3-6-754/1Himayat NagarbHydreabad (Telangana)e500029 axv,284p. c24cm(pbk) aGraduate Studies in Mathematics ; Volume 158 aIncludes bibliographical references and index aKliemann, Wolfgana